000 00511nam a2200169Ia 4500
005 20250423100151.0
008 250422s9999 xx 000 0 und d
020 _a0721682847
050 _aRJ 387.A25 M43/
245 0 _aMedical management of AIDS in children
260 _aPhiladelphia
260 _bSaunders
260 _c2007
300 _a446 p
650 _aAIDS (Disease) in children. AIDS (Disease) in children--Treatment. AIDS (Disease) in children--Patients--Family relationships.
942 _cBK
999 _c32484
_d32484